000 00585cam a2200205 4500
020 _a0070273820
020 _a9780070153851
082 0 0 _a621.3192
_bHAY/EN
100 1 _aHayt, William Hart,
245 1 0 _aEngineering circuit analysis
250 _a7thed.
260 _aNew Delhi
_btata McGraw-Hill Education Pvt. ltd
_c2011
300 _axv, 738 p.
_billus.
490 0 _aMcGraw-Hill electrical and electronic engineering series
650 0 _aElectric circuits.
650 0 _aElectric network analysis.
700 1 _aKemmerly, Jack E.
700 1 _aDurbin, S.M
942 _cBK
999 _c13655
_d13655